00977nam a22001817a 4500008004100000050001700041050001800058050002000076100003100096245039000127260004400517300003300561500003700594650004000631650004200671650004000713650004200753161028b xxu||||| |||| 00| 0 eng d a078080421-X  a9780780804210 aRD 93 .I55 2002 aShannon, Joyce Brennfleck  aInjury and trauma sourcebook : bbasic consumer health information about the impact of injury, the diagnosis and treatment of common and traumatic injuries, emergency care, and specific injuries related to home, community,workplace, transportation, and recreation along wit guidelines for injury prevention, a glossary, and a director of additional resources/cJoyce Brennfleck Shannon aDetroit, MI :b Omnigraphics, c©2002. axiii, 696p. :bill. ;c23cm. aIncludes bibliography and index. aWounds and injuriesxpopular works. aWounds and injuriesxresource guides. aAccident preventionxpopular works. aAccident preventionxresource guides.